[Event "Russian Championship B15 1st league 2016"]
[Site "Loo"]
[Date "2016.04.24"]
[Round "5.14"]
[White "Mukhutdinov, Tigran"]
[Black "Smirnov, Roman"]
[Result "1/2-1/2"]
[WhiteElo "2059"]
[BlackElo "1792"]
[PlyCount "178"]
[EventDate "2016.04.20"]

1. e4 d6 2. d4 Nf6 3. Nc3 e5 4. Nf3 Nbd7 5. Be2 Be7 6. O-O O-O 7. Re1 c6 8. a4
Re8 9. Bf1 exd4 10. Nxd4 Ne5 11. h3 Bf8 12. g3 c5 13. Nf3 Nxf3+ 14. Qxf3 Bd7
15. Bg5 Bc6 16. Bg2 Be7 17. Qd3 h6 18. Be3 a6 19. Rad1 Qc7 20. Bf4 Rad8 21. b3
Bf8 22. g4 Qa5 23. Bd2 Qc7 24. Bc1 g6 25. Qg3 b5 26. axb5 axb5 27. Bf4 b4 28.
Nd5 Bxd5 29. exd5 Nd7 30. Ra1 g5 31. Bd2 Bg7 32. Rxe8+ Rxe8 33. Ra6 Nb6 34. Qd3
Rb8 35. h4 Qe7 36. hxg5 hxg5 37. Be3 Be5 38. Qf5 f6 39. Qd3 Nc8 40. Be4 Qg7 41.
Bf5 Qh6 42. Qe4 Ne7 43. Be6+ Kh8 44. Ra7 Ng6 45. Bf5 Rg8 46. Qh1 Qxh1+ 47. Kxh1
Rg7 48. Ra8+ Kh7 49. Kg2 Kh6 50. Kf1 Re7 51. Rg8 Rg7 52. Re8 Ra7 53. Ke2 Kg7
54. Kd3 Rb7 55. Ke4 Nf4 56. Be6 Ne2 57. Kd3 Nf4+ 58. Ke4 Ne2 59. Kf5 Nd4+ 60.
Bxd4 Bxd4 61. f4 gxf4 62. Kxf4 Kg6 63. Bf5+ Kf7 64. Rh8 Re7 65. Kg3 Kg7 66. Rd8
Be5+ 67. Kh4 Rf7 68. Be6 Re7 69. Kh5 Kh7 70. Rb8 Kg7 71. Kh4 Kh6 72. Rh8+ Kg7
73. Rb8 Kh6 74. Bf5 Kg7 75. Kh3 Bf4 76. Be6 Be5 77. Kg2 Bf4 78. Kf3 Be5 79. Ke4
Kh7 80. Kd3 Rg7 81. Kc4 Kh6 82. Kb5 Kg5 83. Rh8 Kf4 84. Rh1 Ke3 85. Kc6 Kd2 86.
Bf5 Kc3 87. Re1 Kd4 88. Ra1 Rg8 89. Be6 Rg7 1/2-1/2

[Event "Russian Championship B15 1st league 2016"]
[Site "Loo"]
[Date "2016.04.24"]
[Round "5.15"]
[White "Rovnov, Vladislav"]
[Black "Martyntsev, Roman"]
[Result "1-0"]
[WhiteElo "1993"]
[BlackElo "1768"]
[PlyCount "65"]
[EventDate "2016.04.20"]

1. e4 Nf6 2. e5 Nd5 3. c4 Nb6 4. c5 Nd5 5. Bc4 e6 6. d4 d6 7. cxd6 cxd6 8. Nf3
Be7 9. O-O O-O 10. Qe2 Bd7 11. Nc3 Nxc3 12. bxc3 Bc6 13. Bd3 Nd7 14. exd6 Bxd6
15. c4 Qc7 16. h3 Rfe8 17. Ng5 Nf6 18. Bb2 h6 19. Nf3 Rac8 20. Rfe1 Nd7 21.
Rac1 Bxf3 22. Qxf3 Bb4 23. Re2 Be7 24. d5 Bg5 25. Rce1 e5 26. h4 Bxh4 27. Qe4
Bf6 28. Qh7+ Kf8 29. Bf5 g6 30. Bxd7 Qxd7 31. Ba3+ Re7 32. Rxe5 Rce8 33. Rxe7
1-0

[Event "Russian Championship B15 1st league 2016"]
[Site "Loo"]
[Date "2016.04.24"]
[Round "5.16"]
[White "Petrovsky, Andrey"]
[Black "Dolgikh, Evgeniy"]
[Result "1-0"]
[WhiteElo "1756"]
[BlackElo "1938"]
[PlyCount "71"]
[EventDate "2016.04.20"]

1. e4 c5 2. Nf3 Nf6 3. e5 Nd5 4. Nc3 Nxc3 5. dxc3 Nc6 6. Bf4 e6 7. Bc4 Be7 8.
Qe2 h6 9. h4 Qc7 10. O-O-O b6 11. Rd2 Bb7 12. Rhd1 O-O-O 13. Ba6 Nb8 14. Bxb7+
Qxb7 15. g3 f6 16. Rd3 Nc6 17. h5 f5 18. b3 b5 19. Kb2 c4 20. R3d2 b4 21. Qxc4
bxc3+ 22. Qxc3 Bb4 23. Qd3 Bxd2 24. Nxd2 Nb4 25. Qd4 Kb8 26. Nc4 Qa6 27. a3 Nd5
28. Nd6 Rhf8 29. c4 Ne7 30. Be3 Ng8 31. Nb5 Qb6 32. Qc3 Qc6 33. Rd6 Qg2 34.
Bxa7+ Kc8 35. Qd4 Kb7 36. Rb6+ 1-0

[Event "Russian Championship B15 1st league 2016"]
[Site "Loo"]
[Date "2016.04.24"]
[Round "5.17"]
[White "Korobov, Ivan"]
[Black "Shengeliya, Mikhail"]
[Result "1/2-1/2"]
[WhiteElo "1767"]
[BlackElo "1910"]
[PlyCount "117"]
[EventDate "2016.04.20"]

1. d4 d5 2. Nf3 e6 3. Bf4 c6 4. e3 f5 5. c4 Nf6 6. Nc3 Be7 7. Qc2 O-O 8. Bd3
Ne4 9. Ne5 Nd7 10. O-O g5 11. Nxd7 Bxd7 12. Be5 Bf6 13. Bxf6 Rxf6 14. f3 Nxc3
15. bxc3 Qe7 16. Rab1 b6 17. e4 Re8 18. Rbe1 Qf7 19. Qd2 f4 20. Rf2 a5 21. Rfe2
dxc4 22. Bxc4 b5 23. Bb3 a4 24. Bc2 h5 25. c4 e5 26. cxb5 cxb5 27. a3 Rd6 28.
d5 g4 29. Bd3 Rg6 30. Kh1 Qe7 31. Qb2 Kh7 32. fxg4 hxg4 33. g3 fxg3 34. hxg3
Rh6+ 35. Rh2 Rxh2+ 36. Kxh2 Kg6 37. Kg2 Rh8 38. Rh1 Rxh1 39. Kxh1 Qf6 40. Qe2
Qf8 41. Qf1 Qh6+ 42. Kg2 Qd2+ 43. Kh1 Qh6+ 44. Kg2 Qh3+ 45. Kf2 Qh2+ 46. Qg2
Qh6 47. Ke2 Qc1 48. Qf2 Qxa3 49. Qb6+ Kf7 50. Qh6 Qb2+ 51. Kf1 a3 52. d6 Qa1+
53. Ke2 Qa2+ 54. Ke1 Qe6 55. Qh7+ Kf8 56. Qh8+ Kf7 57. Qh7+ Kf6 58. Qh6+ Kf7
59. Qh7+ 1/2-1/2

[Event "Russian Championship B15 1st league 2016"]
[Site "Loo"]
[Date "2016.04.24"]
[Round "5.18"]
[White "Yangutov, Aleksey"]
[Black "Yashmetov, Nikolay"]
[Result "0-1"]
[WhiteElo "1723"]
[BlackElo "1896"]
[PlyCount "182"]
[EventDate "2016.04.20"]

1. d4 Nf6 2. c4 e6 3. Nf3 b6 4. g3 Bb7 5. Bg2 Bb4+ 6. Bd2 Be7 7. O-O O-O 8. Nc3
d6 9. Qc2 Nbd7 10. e4 e5 11. d5 a5 12. a3 Ba6 13. b3 h6 14. Nh4 Re8 15. Nf5 Bf8
16. Ne2 Kh7 17. Rae1 g6 18. Nh4 Bg7 19. h3 Nh5 20. Bf3 Bf6 21. Nf5 Ng7 22. Nxh6
Qe7 23. Ng4 Bg5 24. Bxg5 Qxg5 25. h4 Qe7 26. Ne3 Nc5 27. Nc1 Bc8 28. Kg2 Rh8
29. Nd3 Kg8 30. Nxc5 bxc5 31. Rb1 Nh5 32. Rh1 f5 33. exf5 gxf5 34. Nxf5 Qf6 35.
Ne3 Bd7 36. Bg4 Bxg4 37. Nxg4 Qg7 38. Qf5 Rf8 39. Qg5 Rh7 40. Rbe1 Kh8 41.
Qxg7+ Rxg7 42. f3 Kh7 43. Rhf1 Kg6 44. Re4 Kf7 45. Kh3 Kg6 46. f4 Rgf7 47. Nh2
exf4 48. gxf4 Kf5 49. Ree1 Rg7 50. Nf3 Nxf4+ 51. Kh2 Rg2+ 52. Kh1 Rg3 53. Nh2
Rxb3 54. Rxf4+ Kxf4 55. Rf1+ Kg3 56. Rxf8 Kxh4 57. Rf3 Rb2 58. Nf1 a4 59. Kg1
Ra2 60. Ne3 Kg5 61. Nd1 Ra1 62. Rd3 Rc1 63. Kf2 Rxc4 64. Ne3 Rh4 65. Ng2 Rc4
66. Rg3+ Kf6 67. Ne3 Rc1 68. Rg4 Ke5 69. Rg5+ Kd4 70. Rg4+ Kd3 71. Rxa4 Ra1 72.
Ra7 Ra2+ 73. Kf3 Kd4 74. Ra4+ Kd3 75. Ra7 Kd4 76. Rxc7 Rxa3 77. Re7 Rd3 78. Ke2
Rb3 79. Rh7 Rxe3+ 80. Kd2 Re5 81. Rh4+ Kxd5 82. Kd3 Rg5 83. Rh3 c4+ 84. Kc3 Kc5
85. Rh8 Rg3+ 86. Kd2 d5 87. Kc2 Rg2+ 88. Kd1 d4 89. Rc8+ Kb4 90. Rb8+ Kc3 91.
Rc8 d3 0-1

[Event "Russian Championship B15 1st league 2016"]
[Site "Loo"]
[Date "2016.04.24"]
[Round "5.19"]
[White "Zavialov, Nikita A"]
[Black "Arkhipenko, Denis"]
[Result "1-0"]
[WhiteElo "1883"]
[BlackElo "1757"]
[PlyCount "131"]
[EventDate "2016.04.20"]

1. e4 e6 2. d4 d5 3. exd5 exd5 4. Nf3 Bd6 5. Bd3 Nc6 6. O-O Nb4 7. Re1+ Ne7 8.
Bg5 f6 9. Bh4 Nxd3 10. Qxd3 O-O 11. Nc3 Bf5 12. Qd2 Re8 13. Bg3 Qd7 14. Ne2 Ng6
15. c3 Re7 16. Nf4 Rae8 17. Nxg6 Bxg6 18. Rxe7 Rxe7 19. Bxd6 Qxd6 20. Nh4 Qe6
21. Nxg6 hxg6 22. h3 Qe2 23. Rd1 Qxd2 24. Rxd2 Re1+ 25. Kh2 Ra1 26. a3 Kf7 27.
Re2 b6 28. Kg3 c5 29. Kf3 Rd1 30. Ke3 Ke6 31. Rd2 Rxd2 32. Kxd2 a5 33. dxc5
bxc5 34. b4 Kd6 35. h4 Kc6 36. Kd3 Kb5 37. bxc5 Kxc5 38. g4 f5 39. gxf5 gxf5
40. f4 Kb5 41. Kd4 Ka4 42. Kxd5 Kxa3 43. c4 Kb2 44. c5 a4 45. c6 a3 46. c7 a2
47. c8=Q a1=Q 48. Qxf5 Qa5+ 49. Ke6 Qb6+ 50. Kf7 Qc7+ 51. Kg6 Kc1 52. Qe5 Qd8
53. h5 Qh4 54. Kxg7 Qg4+ 55. Kh6 Kd2 56. f5 Kd3 57. f6 Qg8 58. Qf5+ Kd4 59. f7
Qh8+ 60. Kg6 Qf8 61. h6 Kc4 62. Qf6 Kd5 63. h7 Qa3 64. f8=Q Qc1 65. Q8d6+ Ke4
66. Qdd4# 1-0

[Event "Russian Championship B15 1st league 2016"]
[Site "Loo"]
[Date "2016.04.24"]
[Round "5.20"]
[White "Kisarov, Timur"]
[Black "Prokofiev, Matvey"]
[Result "0-1"]
[WhiteElo "1697"]
[BlackElo "1875"]
[PlyCount "68"]
[EventDate "2016.04.20"]

1. e4 c5 2. c3 d6 3. d4 Nf6 4. dxc5 Nc6 5. f3 e6 6. Bg5 d5 7. exd5 exd5 8. Bxf6
Qxf6 9. Bb5 Qe6+ 10. Qe2 Bxc5 11. Nd2 O-O 12. Qxe6 Bxe6 13. O-O-O Rac8 14. Kb1
Ne5 15. Nb3 Bb6 16. Nd4 Bxd4 17. Rxd4 a6 18. Be2 Rfd8 19. h3 Nc6 20. Rd1 d4 21.
cxd4 Nxd4 22. Bd3 Nf5 23. Ne2 Ne3 24. Rd2 Rxd3 25. Rxd3 Bf5 26. Nf4 Rd8 27. Re1
g5 28. Kc1 Bxd3 29. Nxd3 Rxd3 30. g4 Nd5 31. Rf1 Nf4 32. a3 Nxh3 33. Kb1 Rd2
34. Kc1 Rf2 0-1

[Event "Russian Championship B15 1st league 2016"]
[Site "Loo"]
[Date "2016.04.24"]
[Round "5.21"]
[White "Kumakov, Ivan"]
[Black "Tambovtsev, Daniil"]
[Result "0-1"]
[WhiteElo "1697"]
[BlackElo "1864"]
[PlyCount "56"]
[EventDate "2016.04.20"]

1. e4 e6 2. d4 d5 3. e5 c5 4. c3 Nc6 5. Nf3 Nge7 6. Bd3 cxd4 7. cxd4 Nf5 8.
Bxf5 exf5 9. O-O Be6 10. Be3 h6 11. Nc3 g5 12. Ne1 f4 13. Bc1 Qb6 14. Nc2 Rd8
15. Kh1 Bf5 16. e6 Bxe6 17. Re1 Bg7 18. Na4 Qb5 19. Nc5 O-O 20. Nxe6 fxe6 21.
Rxe6 Rde8 22. Qe1 Rxe6 23. Qxe6+ Kh8 24. Kg1 Qd3 25. Ne1 Qxd4 26. Qe2 Qe4 27.
Qd1 Re8 28. Nc2 Qxc2 0-1

[Event "Russian Championship B15 1st league 2016"]
[Site "Loo"]
[Date "2016.04.24"]
[Round "5.22"]
[White "Kumargaliev, Marsel"]
[Black "Koliev, Irlan"]
[Result "1-0"]
[WhiteElo "1838"]
[BlackElo "1737"]
[PlyCount "113"]
[EventDate "2016.04.20"]

1. e4 e6 2. d3 d5 3. Nd2 Nf6 4. g3 Bc5 5. Bg2 dxe4 6. Nxe4 Nxe4 7. Bxe4 Nc6 8.
Be3 Bxe3 9. fxe3 O-O 10. Nh3 f5 11. Bg2 e5 12. Qh5 Qe8 13. Qh4 h6 14. O-O Be6
15. e4 Qd7 16. exf5 Bxf5 17. Nf2 Nd4 18. Rae1 Qb5 19. c3 Nc2 20. Re2 Bxd3 21.
Nxd3 Qxd3 22. Qe4 Rxf1+ 23. Bxf1 Qxe4 24. Rxe4 Rd8 25. Bc4+ Kf8 26. Kf2 b5 27.
Bxb5 Rb8 28. Bd3 Rxb2 29. Re2 Rxa2 30. Rxc2 Ra3 31. Ke3 Ke7 32. c4 Kd6 33. Rf2
Ke6 34. Rf8 Ra2 35. Be2 Rb2 36. Rg8 Kf6 37. Rc8 a5 38. Rxc7 a4 39. Ra7 Ra2 40.
Bf3 a3 41. c5 Rc2 42. c6 Rc3+ 43. Ke2 h5 44. Bd5 Rc5 45. c7 e4 46. Bxe4 a2 47.
Rxa2 Rxc7 48. Bf3 Rc5 49. Ra6+ Kf7 50. Rc6 Ra5 51. Ke3 g6 52. h4 Kg7 53. Kf4
Rb5 54. Be4 g5+ 55. hxg5 Rb3 56. Rh6 Rb6 57. Rxb6 1-0

[Event "Russian Championship B15 1st league 2016"]
[Site "Loo"]
[Date "2016.04.24"]
[Round "5.23"]
[White "Perov, German"]
[Black "Gagarin, Vasily"]
[Result "0-1"]
[WhiteElo "1676"]
[BlackElo "1831"]
[PlyCount "68"]
[EventDate "2016.04.20"]

1. e4 d6 2. d4 Nf6 3. Nc3 e5 4. Nge2 Nbd7 5. f3 Be7 6. Be3 c6 7. g4 h6 8. Qd2
b5 9. Ng3 exd4 10. Bxd4 b4 11. Nd1 c5 12. Be3 Ne5 13. Be2 Be6 14. Nf5 Bxf5 15.
gxf5 d5 16. Bb5+ Kf8 17. Qg2 Qb6 18. Rg1 Nxf3+ 19. Qxf3 Qxb5 20. e5 Ne4 21. Qg4
Bg5 22. h4 h5 23. Qh3 Be7 24. Bf4 c4 25. Ne3 b3 26. axb3 cxb3 27. c3 d4 28. f6
Nxf6 29. exf6 Bxf6 30. Bd6+ Kg8 31. Qf3 Re8 32. Qxf6 Rxe3+ 33. Kd1 Qe2+ 34. Kc1
Qc2# 0-1

[Event "Russian Championship B15 1st league 2016"]
[Site "Loo"]
[Date "2016.04.24"]
[Round "5.24"]
[White "Lipilin, Ilia"]
[Black "Rudikov, Dmitry"]
[Result "1-0"]
[WhiteElo "1827"]
[BlackElo "1678"]
[PlyCount "57"]
[EventDate "2016.04.20"]

1. d4 d5 2. c4 c6 3. Nf3 Nf6 4. e3 e6 5. Nbd2 Nbd7 6. Bd3 Bd6 7. e4 dxe4 8.
Nxe4 Nxe4 9. Bxe4 Nf6 10. Bc2 O-O 11. O-O c5 12. Bg5 cxd4 13. Qd3 g6 14. Qxd4
Be7 15. Qh4 Re8 16. Rad1 Nd7 17. Qh6 Bf8 18. Qh3 Qa5 19. a3 Bg7 20. Bc1 Ne5 21.
b4 Nxf3+ 22. Qxf3 Qc7 23. Ba4 Rd8 24. Bg5 Rd4 25. Qe3 e5 26. Rxd4 exd4 27. Qe8+
Bf8 28. Re1 Kg7 29. Qxf8+ 1-0

[Event "Russian Championship B15 1st league 2016"]
[Site "Loo"]
[Date "2016.04.24"]
[Round "5.25"]
[White "Glukhov, Dmitriy"]
[Black "Morgachev, Sergey"]
[Result "1-0"]
[WhiteElo "1824"]
[BlackElo "1721"]
[PlyCount "63"]
[EventDate "2016.04.20"]

1. d4 Nf6 2. c4 e6 3. g3 d5 4. Bg2 dxc4 5. Nf3 b5 6. a4 c6 7. Ne5 Nd5 8. Nc3
Bb4 9. Bd2 Bxc3 10. bxc3 Bb7 11. Qb1 Qb6 12. e4 Nf6 13. Be3 Nbd7 14. d5 Qc7 15.
Nxc6 bxa4 16. Rxa4 Bxc6 17. dxc6 Qxc6 18. Rxa7 Rxa7 19. Bxa7 O-O 20. O-O Nc5
21. Bxc5 Qxc5 22. Rd1 h6 23. h3 Ra8 24. Rd2 g6 25. e5 Nd5 26. Qb7 Ra7 27. Qb8+
Kg7 28. Rd4 Nxc3 29. Rd8 Ne2+ 30. Kh2 g5 31. Rg8+ Kh7 32. Be4+ 1-0

[Event "Russian Championship B15 1st league 2016"]
[Site "Loo"]
[Date "2016.04.24"]
[Round "5.26"]
[White "Shmelev, Mikhail"]
[Black "Bratchikov, Vladislav"]
[Result "0-1"]
[WhiteElo "1589"]
[BlackElo "1815"]
[PlyCount "54"]
[EventDate "2016.04.20"]

1. e4 c6 2. d4 d5 3. Nc3 dxe4 4. Nxe4 Bf5 5. Ng3 Bg6 6. h4 h6 7. h5 Bh7 8. Nf3
Nd7 9. Bd3 Bxd3 10. Qxd3 e6 11. Bf4 Qa5+ 12. Bd2 Qc7 13. O-O-O Ngf6 14. Ne4
Nxe4 15. Qxe4 Nf6 16. Qd3 O-O-O 17. Qc4 Kb8 18. Ne5 Bd6 19. Rh4 Bxe5 20. dxe5
Nd5 21. Qe4 Rd7 22. Rg4 Qb6 23. f3 Rhd8 24. Re1 Qa6 25. a3 Ne7 26. Bb4 Nf5 27.
Qc4 Ne3 0-1

[Event "Russian Championship B15 1st league 2016"]
[Site "Loo"]
[Date "2016.04.24"]
[Round "5.27"]
[White "Ardasenov, Soslan"]
[Black "Slugin, Yaroslav"]
[Result "0-1"]
[WhiteElo "1690"]
[BlackElo "1989"]
[PlyCount "78"]
[EventDate "2016.04.20"]

1. Nf3 Nf6 2. c4 g6 3. d4 Bg7 4. Nc3 d5 5. cxd5 Nxd5 6. Bd2 O-O 7. e4 Nxc3 8.
Bxc3 c5 9. d5 Bg4 10. Be2 Nd7 11. Bxg7 Kxg7 12. Nd2 Bxe2 13. Qxe2 Qb6 14. b3 e6
15. dxe6 Qxe6 16. O-O Rad8 17. Nc4 Rfe8 18. f3 Ne5 19. Rad1 Nxc4 20. Qxc4 Qxc4
21. bxc4 Kf6 22. Kf2 Rxd1 23. Rxd1 Re6 24. Rd3 Ra6 25. a3 Rb6 26. Ke3 Rb1 27.
Rd7 a6 28. Rd5 b6 29. h4 Ke6 30. g3 Re1+ 31. Kf4 Rc1 32. Kg5 Rxc4 33. Rd3 b5
34. Kh6 b4 35. axb4 cxb4 36. Kxh7 Rc3 37. Rd4 a5 38. g4 b3 39. Rd2 a4 0-1

[Event "Russian Championship B15 1st league 2016"]
[Site "Loo"]
[Date "2016.04.24"]
[Round "5.28"]
[White "Stepanenko, Kirill"]
[Black "Novikov, Aleksey"]
[Result "1-0"]
[WhiteElo "1670"]
[BlackElo "1823"]
[PlyCount "47"]
[EventDate "2016.04.20"]

1. e4 c5 2. f4 Nc6 3. Nf3 d6 4. d4 cxd4 5. Nxd4 e5 6. Nf3 Bg4 7. Be2 Bxf3 8.
Bxf3 Nf6 9. O-O Be7 10. Nc3 O-O 11. Nd5 Nd4 12. Nxe7+ Qxe7 13. c3 Nxf3+ 14.
Qxf3 Rfe8 15. f5 Qc7 16. Bg5 Nd7 17. f6 g6 18. Qh3 Nf8 19. Qh6 Ne6 20. Rf3 Qb6+
21. Be3 Qd8 22. Raf1 Kh8 23. Rh3 Nf8 24. Qg7# 1-0

[Event "Russian Championship B15 1st league 2016"]
[Site "Loo"]
[Date "2016.04.24"]
[Round "5.29"]
[White "Kiselev, Vladislav"]
[Black "Volkov, Grigoriy"]
[Result "1-0"]
[WhiteElo "1803"]
[BlackElo "1667"]
[PlyCount "99"]
[EventDate "2016.04.20"]

1. e4 e5 2. Nf3 Nc6 3. Bb5 a6 4. Ba4 Nf6 5. O-O Be7 6. Re1 b5 7. Bb3 d6 8. c3
O-O 9. h3 Nb8 10. d4 Nbd7 11. Nbd2 Bb7 12. Bc2 Re8 13. Nf1 Bf8 14. Ng3 g6 15.
a4 c6 16. Nh2 Bg7 17. f4 c5 18. d5 exf4 19. Bxf4 Ne5 20. Nf3 Nfd7 21. Kh1 Nxf3
22. Qxf3 Ne5 23. Qf2 Qh4 24. Rf1 Rf8 25. b3 g5 26. Bd2 Ng4 27. Qf3 Bc8 28. Nf5
Bxf5 29. Qxf5 Nh6 30. Qxg5 Qxg5 31. Bxg5 f6 32. Bf4 Nf7 33. Ra2 f5 34. exf5
Bxc3 35. g4 b4 36. Bb1 Rfe8 37. Rg2 a5 38. g5 Be5 39. Bd2 Ra7 40. f6 Bd4 41.
Bf4 Be3 42. Kh2 Bxf4+ 43. Rxf4 Re3 44. Bxh7+ Kxh7 45. g6+ Kh8 46. gxf7 Rxf7 47.
Rh4+ Rh7 48. f7 Rxh4 49. f8=Q+ Kh7 50. Qg7# 1-0

[Event "Russian Championship B15 1st league 2016"]
[Site "Loo"]
[Date "2016.04.24"]
[Round "5.30"]
[White "Kolkhidov, Azamat"]
[Black "Safin, Timur"]
[Result "1/2-1/2"]
[WhiteElo "1655"]
[BlackElo "1802"]
[PlyCount "100"]
[EventDate "2016.04.20"]

1. e4 e5 2. Nf3 Nc6 3. Nc3 Nf6 4. Bb5 Bc5 5. Bxc6 dxc6 6. h3 O-O 7. O-O Re8 8.
d3 Bf8 9. Bg5 h6 10. Bh4 c5 11. Nd5 g5 12. Nxf6+ Qxf6 13. Bg3 Bg7 14. c3 Qb6
15. Qd2 Bd7 16. Rfe1 Rad8 17. a4 Bc6 18. Qc2 Qa6 19. Re3 c4 20. dxc4 Qxc4 21.
b3 Qe6 22. b4 b6 23. b5 Bb7 24. c4 c6 25. c5 cxb5 26. axb5 bxc5 27. Qxc5 Qb6
28. Qb4 a6 29. Rb1 axb5 30. Qxb5 Rd1+ 31. Kh2 Qxb5 32. Rxb5 Rd7 33. Nxe5 Rde7
34. Nf3 Bxe4 35. Nd2 Bg6 36. Rxe7 Rxe7 37. Nf3 f5 38. Be5 Be8 39. Rc5 Bxe5+ 40.
Rxe5 Rxe5 41. Nxe5 Kg7 42. Nc4 Kf6 43. f3 Bb5 44. Nd2 Ke5 45. Kg3 Kd4 46. f4
Ke3 47. fxg5 hxg5 48. Nf3 f4+ 49. Kg4 Bd7+ 50. Kxg5 Bxh3 1/2-1/2

[Event "Russian Championship B15 1st league 2016"]
[Site "Loo"]
[Date "2016.04.24"]
[Round "5.31"]
[White "Grigoriants, Boris"]
[Black "Dzagov, Kambulat"]
[Result "0-1"]
[WhiteElo "1801"]
[BlackElo "1651"]
[PlyCount "76"]
[EventDate "2016.04.20"]

1. e4 d5 2. exd5 Qxd5 3. Nf3 Nf6 4. d4 c6 5. c4 Qd6 6. Be2 g6 7. Nc3 Bg7 8. h3
O-O 9. Be3 Qd8 10. O-O Nbd7 11. Qd2 Nb6 12. Bh6 Be6 13. b3 Bf5 14. Bxg7 Kxg7
15. Bd3 Bxd3 16. Qxd3 Qc7 17. Rfe1 Rad8 18. Rad1 Rfe8 19. Ne4 Nxe4 20. Qxe4 e6
21. Qh4 Qe7 22. Qg3 Qf6 23. Ne5 h5 24. Re4 Qe7 25. Rf4 Rf8 26. h4 Nd7 27. Nf3
Nf6 28. Re1 Ng4 29. Ng5 Nh6 30. f3 Kh8 31. Nxf7+ Rxf7 32. Qxg6 Rh7 33. Rxe6 Qg7
34. Qxh5 Rxd4 35. Qe8+ Ng8 36. Rf8 Rd1+ 37. Kf2 Qd4+ 38. Ke2 Qd2# 0-1

[Event "Russian Championship B15 1st league 2016"]
[Site "Loo"]
[Date "2016.04.24"]
[Round "5.32"]
[White "Pochtarenko, Dmitrii"]
[Black "Chursin, Aleksandr"]
[Result "1/2-1/2"]
[WhiteElo "1647"]
[BlackElo "1798"]
[PlyCount "96"]
[EventDate "2016.04.20"]

1. e4 c5 2. Nf3 Nc6 3. d4 cxd4 4. Nxd4 e5 5. Nb5 a6 6. Nd6+ Bxd6 7. Qxd6 Qe7 8.
Qd1 Nf6 9. Nc3 h6 10. Be3 d6 11. Be2 Be6 12. Qd2 O-O 13. O-O-O Rfd8 14. f4 exf4
15. Bxf4 d5 16. e5 Ne4 17. Nxe4 dxe4 18. Qe3 Bf5 19. g4 Bh7 20. g5 Qe6 21. gxh6
Qxa2 22. Qa3 Qxa3 23. bxa3 Nd4 24. Rd2 Rac8 25. Kb2 e3 26. Bxe3 Rxc2+ 27. Rxc2
Nxc2 28. Bc1 Nd4 29. Bc4 b5 30. Bb3 a5 31. Rg1 g6 32. Bg5 Re8 33. Bf6 Nxb3 34.
Kxb3 Rc8 35. Rd1 g5 36. Rg1 Bc2+ 37. Kb2 Kh7 38. Bg7 Bg6 39. Rxg5 Rc2+ 40. Ka1
Rxh2 41. e6 fxe6 42. Rxb5 Rh1+ 43. Ka2 Rh2+ 44. Kb3 Rh3+ 45. Kb2 a4 46. Rb8
Rb3+ 47. Rxb3 axb3 48. Kxb3 Be4 1/2-1/2

[Event "Russian Championship B15 1st league 2016"]
[Site "Loo"]
[Date "2016.04.24"]
[Round "5.33"]
[White "Prishibilovich, Matvei"]
[Black "Sheletun, Yakov"]
[Result "1-0"]
[WhiteElo "1629"]
[BlackElo "1790"]
[PlyCount "101"]
[EventDate "2016.04.20"]

1. d4 Nf6 2. c4 g6 3. Nc3 Bg7 4. e4 d6 5. Be2 O-O 6. g4 c5 7. d5 e6 8. g5 Ne8
9. Be3 Na6 10. Qd2 Nac7 11. h4 a6 12. O-O-O exd5 13. exd5 b5 14. h5 b4 15. Ne4
a5 16. Nh3 Bxh3 17. Rxh3 Qd7 18. Rdh1 Qa4 19. Kb1 b3 20. a3 Nb5 21. cxb5 Qxe4+
22. Bd3 Qxd5 23. hxg6 hxg6 24. Bxg6 Qxd2 25. Bh7+ Kh8 26. Bxd2 Rb8 27. Bxa5 Bd4
28. Bc3 Bxc3 29. bxc3 Kg7 30. Bf5 Rg8 31. c4 Nc7 32. Rxb3 Ne6 33. Rh7+ Kf8 34.
Bxe6 fxe6 35. Rf3+ Ke8 36. Rf6 Rxg5 37. Rxe6+ Kf8 38. Rxd6 Rg1+ 39. Kb2 Rg2 40.
Rf6+ Kg8 41. Rc7 Re8 42. Rxc5 Re2+ 43. Kb3 Re1 44. Rf3 Reg1 45. Re5 Rb1+ 46.
Kc2 Rf1 47. Ree3 Rfxf2+ 48. Rxf2 Rxf2+ 49. Kb3 Rf7 50. c5 Rb7 51. Kb4 1-0

[Event "Russian Championship B15 1st league 2016"]
[Site "Loo"]
[Date "2016.04.24"]
[Round "5.34"]
[White "Petrov, Nikolay"]
[Black "Seleznev, Iliya"]
[Result "1-0"]
[WhiteElo "1788"]
[BlackElo "1632"]
[PlyCount "61"]
[EventDate "2016.04.20"]

1. Nf3 c5 2. b3 d5 3. Bb2 e6 4. e3 Nf6 5. Be2 Bd6 6. O-O O-O 7. d4 cxd4 8. Nxd4
a6 9. c4 Qc7 10. h3 dxc4 11. Bxc4 Rd8 12. Nd2 b5 13. Be2 e5 14. N4f3 Qe7 15.
Qc2 Bb7 16. Ng5 Nbd7 17. Nde4 Rac8 18. Qd3 Nxe4 19. Nxe4 Nc5 20. Nxc5 Bxc5 21.
Qb1 Rd2 22. Bg4 Rcd8 23. Bc3 R2d3 24. Ba5 R8d5 25. Be2 Qg5 26. e4 Rg3 27. Qc1
Qg6 28. Kh1 Qxe4 29. fxg3 Qxg2+ 30. Kxg2 Rd2+ 31. Rf3 1-0

[Event "Russian Championship B15 1st league 2016"]
[Site "Loo"]
[Date "2016.04.24"]
[Round "5.35"]
[White "Safin, Danis"]
[Black "Babunov, Alexander"]
[Result "1-0"]
[WhiteElo "1627"]
[BlackElo "1780"]
[PlyCount "105"]
[EventDate "2016.04.20"]

1. e4 c5 2. Nf3 e6 3. c3 Nc6 4. d4 d5 5. e5 Qa5 6. Nbd2 cxd4 7. Nb3 Qb6 8. cxd4
f6 9. Bd3 Qc7 10. O-O f5 11. Bd2 Nge7 12. Rc1 Ng6 13. Nc5 Be7 14. Ng5 Bxc5 15.
Rxc5 O-O 16. Qh5 h6 17. Qxg6 hxg5 18. Qxg5 Qf7 19. Be2 f4 20. Bd3 Qe7 21. Qh5
g5 22. Rxc6 bxc6 23. Bb4 Qg7 24. Bxf8 Kxf8 25. Bg6 Bd7 26. Qxg5 Be8 27. Qxf4+
Kg8 28. Bxe8 Rxe8 29. Qg3 Rb8 30. b3 Rb4 31. Qxg7+ Kxg7 32. Rd1 a5 33. Kf1 Kg6
34. Ke2 a4 35. Kd3 axb3 36. Kc3 Ra4 37. Kxb3 Ra8 38. a4 Rb8+ 39. Ka3 Kf7 40.
Rc1 Rb6 41. a5 Ra6 42. Ka4 Ke7 43. Rb1 Kd7 44. Rb7+ Kc8 45. Rb6 Rxb6 46. axb6
Kb7 47. Ka5 c5 48. dxc5 d4 49. Kb4 d3 50. Kc3 Ka6 51. Kxd3 Kb7 52. h4 Ka6 53.
h5 1-0

[Event "Russian Championship B15 1st league 2016"]
[Site "Loo"]
[Date "2016.04.24"]
[Round "5.36"]
[White "Fominov, Andrei"]
[Black "Ananjev, Ilija"]
[Result "1/2-1/2"]
[WhiteElo "1730"]
[BlackElo "1624"]
[PlyCount "66"]
[EventDate "2016.04.20"]

1. d4 Nf6 2. c4 e6 3. Nf3 d5 4. g3 Be7 5. Bg2 O-O 6. O-O dxc4 7. Qa4 a6 8. Qxc4
b5 9. Qc2 Bb7 10. Bd2 Be4 11. Qc1 b4 12. a3 Nc6 13. axb4 Nxd4 14. Nxd4 Qxd4 15.
Bc3 Qd5 16. Bxe4 Qxe4 17. e3 Qb7 18. Na3 Nd5 19. Nc2 Nxb4 20. Nxb4 Bxb4 21.
Bxb4 Qxb4 22. Qxc7 Qxb2 23. Rfb1 Qf6 24. Qb6 Qd8 25. Rxa6 Rxa6 26. Qxa6 Qc8 27.
Qxc8 Rxc8 28. Rb7 Rd8 29. Rc7 Ra8 30. Rb7 Rd8 31. Rc7 Ra8 32. Rb7 Rd8 33. Rc7
Ra8 1/2-1/2

[Event "Russian Championship B15 1st league 2016"]
[Site "Loo"]
[Date "2016.04.24"]
[Round "5.37"]
[White "Foshenko, Kirill"]
[Black "Fomichev, Ilya"]
[Result "0-1"]
[WhiteElo "1620"]
[BlackElo "1723"]
[PlyCount "120"]
[EventDate "2016.04.20"]

1. Nf3 d5 2. c4 Bg4 3. cxd5 Bxf3 4. gxf3 Qxd5 5. Nc3 Qd8 6. d4 c6 7. e4 e6 8.
Be3 Nf6 9. Qd2 Nbd7 10. e5 Nd5 11. Nxd5 exd5 12. Bd3 Qb6 13. a3 c5 14. Bf5 c4
15. O-O g6 16. Bh3 Qd8 17. Bg5 Be7 18. e6 Nf6 19. exf7+ Kxf7 20. Rfe1 h5 21.
Rxe7+ Qxe7 22. Re1 Qc7 23. Re6 Ne8 24. Bf4 Qd8 25. Be5 Qh4 26. Qb4 Qg5+ 27. Bg3
b6 28. Qb5 Rd8 29. Re5 Qf6 30. Be6+ Qxe6 31. Rxe6 Kxe6 32. Be5 Rf8 33. Qc6+ Nd6
34. Qc7 Rd7 35. Qc6 Rxf3 36. Bxd6 Rxd6 37. Qe8+ Kf5 38. Qf7+ Rf6 39. Qxd5+ Kg4
40. Qe4+ Kg5 41. h4+ Kh6 42. d5 Rxf2 43. Qe3+ Kg7 44. d6 Rf1+ 45. Kg2 R1f2+ 46.
Kg3 R2f3+ 47. Qxf3 Rxf3+ 48. Kxf3 Kf6 49. Kf4 b5 50. d7 Ke7 51. Kg5 a5 52. Kxg6
b4 53. axb4 axb4 54. Kxh5 c3 55. bxc3 bxc3 56. Kg6 c2 57. h5 c1=Q 58. h6 Qa1
59. Kh7 Qf6 60. Kg8 Qxh6 0-1